000
00242nam a2200097Ia 4500
001
1155502
005
20250827011204.0
008
250824s9999 xx 000 0 und d
245
0
_a
TATLI RÜYALAR
_c
MAHSA HEDAYETİ
260
_b
KETEBE YAYINLARI
999
_c
1155502
_d
1155502